01656nam a2200421 i 450000100060000000300080000600500170001400600190003100700150005000800410006502000180010602000270012403500230015103500240017403500250019803500210022304000310024405000210027508200160029610000320031224500630034426400420040730000410044933600310049033700330052133800430055449000450059750400290064258801290067159001640080065100520096465100460101665500270106279700190108983000470110885600620115599900170121720415FlNmELB20241216213838.0m o d | cr cnu||||||||140924s2012 ec ob 000 0 spa d z9789978320808 a9781449258887 (e-book) a(MiAaPQ)EBC3222629 a(Au-PeEL)EBL3222629 a(CaPaEBR)ebr10903277 a(OCoLC)949117991 aFINmELBbspaerdacFINmELB 4aF3737bE288 20120 a986.6072231 aEgas Ribas, José María.10aEscritos desde la política /cJosé María Egas Ribas. 1aQuito :bEdiciones La Tierra,c[2012] a1 recurso en línea (227 páginas) atextobtxt2rdacontent/spa acomputadorabc2rdamedia/spa arecurso en líneabcr2rdacarrier/spa1 aColección pensamiento socialista ;v17 aContiene bibliografía. aDescripción basada en recurso en línea; Título de la página del título en PDF (e-libro, visto september 24, 2014). aRecurso electrónico. Santa Fe, Arg.: e-libro, 2015. Disponible vía World Wide Web. El acceso puede estar limitado para las bibliotecas afiliadas a e-libro. 0aEcuadorxPolitics and governmenty20th century. 4aEcuadorxPolítica y gobiernoySiglo 20. 4aLibros electrónicos.2 ae-libro, Corp. 0aColección pensamiento socialista. ;v17.40uhttps://elibro.net/ereader/politecnicointernacional/80011 c20415d20415